00258nam a2200109Ia 4500008004100000100002300041245002100064260002600085650001300111942000700124999001700131190216s9999||||xx |||||||||||||| ||und|| aVasudevan Nair M T 0aOlavum Theeravum bPoorna Pubs Kozhikode aKathakal cBK c26629d26629